|
|
|
|
| LEADER |
00000naa2a2200000 4500 |
| 001 |
570884 |
| 005 |
20240724151932.0 |
| 035 |
|
|
|a (RuTPU)RU\TPU\prd\268558
|
| 035 |
|
|
|a RU\TPU\prd\268500
|
| 090 |
|
|
|a 570884
|
| 100 |
|
|
|a 20161227a2007 k y0rusy50 ca
|
| 101 |
0 |
|
|a rus
|
| 102 |
|
|
|a RU
|
| 200 |
1 |
|
|a Исследование потерь импульсного электронного пучка при формировании и выводе из диодной камеры ускорителя
|f А. И. Пушкарёв, Ю. Н. Новоселов, Р. В. Сазонов
|
| 225 |
1 |
|
|a Общая экспериментальная техника
|
| 330 |
|
|
|a Приведены результаты экспериментального исследования баланса тока и заряда в диодном узле сильноточного импульсного электронного ускорителя ТЭУ-500 (ускоряющее напряжение 350?500 кэВ, длительность импульса на полувысоте 60 нс, суммарная кинетическая энергия электронов 250 Дж в импульсе) при генерации электронного пучка. Исследованы планарные диоды с многоострийным катодом и с катодами диаметром от 43 до 60 мм из графита, меди и углеродной ткани. Показано, что основным источником паразитных потерь в планарном диоде является расхождение пучка электронов в зазоре анод?катод, вызванное искажением электрического поля на периферии катода. Половинный угол расхождения составляет 68° при малых зазорах анод?катод и уменьшается до 60° с увеличением зазора. При согласовании импеданса диода и выходного сопротивления генератора (зазор 10?12 мм) потери заряда не превышают 12%.
|
| 461 |
|
1 |
|0 (RuTPU)RU\TPU\prd\300
|x 0032-8162
|t Приборы и техника эксперимента
|f Российская академия наук (РАН)
|d 1956-
|
| 463 |
|
1 |
|0 (RuTPU)RU\TPU\prd\86625
|t № 5
|v С. 117-124
|d 2007
|
| 610 |
1 |
|
|a диоды
|
| 610 |
1 |
|
|a электронный пучок
|
| 610 |
1 |
|
|a экспериментальные исследования
|
| 700 |
|
1 |
|a Пушкарёв
|b А. И.
|c физик
|c профессор Томского политехнического университета, доктор физико-математических наук
|c старший научный сотрудник НИИ ВН Томского политехнического университета
|f 1954-
|g Александр Иванович
|3 (RuTPU)RU\TPU\pers\26414
|9 12118
|
| 701 |
|
1 |
|a Новоселов
|b Ю. Н.
|
| 701 |
|
1 |
|a Сазонов
|b Р. В.
|c физик
|c старший научный сотрудник Томского политехнического университета, кандидат физико-математических наук
|f 1984-
|g Роман Владимирович
|3 (RuTPU)RU\TPU\pers\27101
|9 12651
|
| 801 |
|
1 |
|a RU
|b 63413507
|c 20041011
|g PSBO
|
| 801 |
|
2 |
|a RU
|b 63413507
|c 20161227
|g RCR
|
| 942 |
|
|
|c BK
|